Of follies and frailties of wit and wisdom / (Record no. 55609)

MARC details
000 -LEADER
fixed length control field 00766nam a22002417a 4500
005 - DATE AND TIME OF LATEST TRANSACTION
control field 20110818141337.0
008 - FIXED-LENGTH DATA ELEMENTS--GENERAL INFORMATION
fixed length control field 110818t xxu||||| |||| 00| 0 eng d
010 ## - LCCN (DPL NO)
LC control number ENG-103422
020 ## - INTERNATIONAL STANDARD BOOK NUMBER
International Standard Book Number 9788181579997
Terms of availability 150.00
035 ## - SYSTEM CONTROL NUMBER
System control number EN-86955
037 ## - SOURCE OF ACQUISITION
Source of stock number/acquisition DBAD/PUB
040 ## - CATALOGING SOURCE
Original cataloging agency DPL
Language of cataloging English
082 ## - DEWEY DECIMAL CLASSIFICATION NUMBER
Classification number 881
100 ## - MAIN ENTRY--PERSONAL NAME
9 (RLIN) 32824
Personal name Syiem, Esther
245 ## - TITLE STATEMENT
Title Of follies and frailties of wit and wisdom /
Statement of responsibility, etc by Esther Syiem
260 ## - PUBLICATION, DISTRIBUTION, ETC. (IMPRINT)
Place of publication, distribution, etc Calcutta
Name of publisher, distributor, etc Writers Workshop
Date of publication, distribution, etc 2010
270 ## - ADDRESS
Address 162/92 Lake Gardens
City Calcutta
Postal code 700045
300 ## - PHYSICAL DESCRIPTION
Extent 83p.
Dimensions 22cm (Hb)
650 ## - SUBJECT ADDED ENTRY--TOPICAL TERM
9 (RLIN) 33042
700 ## - ADDED ENTRY--PERSONAL NAME
9 (RLIN) 32825
942 ## - ADDED ENTRY ELEMENTS (KOHA)
Source of classification or shelving scheme Dewey Decimal Classification
Item type English Books
Classification part 881
Call number suffix SYI
Holdings
Withdrawn status Lost status Source of classification or shelving scheme Damaged status Not for loan Collection code Home library Current library Date acquired Source of acquisition Cost, normal purchase price Total Checkouts Full call number Barcode Date last seen Copy number Cost, replacement price Koha item type
    Dewey Decimal Classification   Not For Loan Non-fiction D.B.Act.Division D.B.Act.Division 18/08/2011 DBAD/PUB 150.00   881 SYI EN-86955 18/08/2011 1 150.00 English Books

© Delhi Public Library
Hit Counter
free hit counter